00330nam a2200109Ia 4500008004100000020001800041082001900059100001800078245007900096260003500175300001000210191014s9999 xx 000 0 und d a3-540-90314-3 a531.01515bARN aV. I. Arnold  0aGraduate Texts in Mathematics Mathematical Methods of Classical Mechanics  aBerlin bSpringer-Verlagc1978 aX,462